L'Esclafament de l'associacionisme lliure a Catalunya en temps del General Franco / Pere Solà i Gussinyer
Descripción Física:
89 p. ; 17 cm
Colección:
Episodis de la història ; 305
MARC
| LEADER | 00000nam a2200000Ia 4500 | ||
|---|---|---|---|
| 001 | 11513 | ||
| 008 | 160829s1996 xx 000 0 cat d | ||
| 080 | |a H-1-237 | ||
| 100 | 1 | |a Solà, Pere, |d 1945- |9 25447 | |
| 245 | |a L'Esclafament de l'associacionisme lliure a Catalunya en temps del General Franco / Pere Solà i Gussinyer | ||
| 260 | |a Barcelona : |b Rafael Dalmau, |c 1996 | ||
| 300 | |a 89 p. ; |c 17 cm | ||
| 490 | |a Episodis de la història ; 305 | ||
| 650 | |a Associacionisme |x Catalunya |9 32411 | ||
| 651 | 0 | |a Catalunya |x Història |y 1939-1975 |9 54677 | |
| 901 | |a Arxiu | ||
| 942 | |n 1 | ||
| 952 | |0 0 |1 0 |4 0 |6 H1237 |7 1 |9 45976 |a Arxiu |b Arxiu |d 2016-12-01 |l 0 |o H-1-237 |p 11513 |r 2016-12-01 00:00:00 |w 2016-12-01 |y ARXIU | ||
| 999 | |c 49477 |d 49477 | ||